Score 0/51 Timer 05:00
0 Plays Today
Hint 4-Letter Word % Correct
365 daysYEAR
97.3%
●Hourglass contents●●SAND●
97%
Magician's stickWAND
96.5%
●Contact by telephone●●CALL●
96.5%
Prison roomCELL
96.2%
Shopping complexMALL
96%
Dispatch by mailSEND
95.9%
DesireWANT
95.9%
Three blind rodentsMICE
95.8%
Physical sufferingPAIN
95.8%
Increase (as in weight)GAIN
95.6%
Broad, cheerful smileGRIN
95.5%
5,280 feetMILE
95.3%
Shakespeare's tragic, mad kingLEAR
95.3%
Give for temporary useLEND
95.3%
Two of a kindPAIR
95.2%
Heavy, soft metal (Pb 82)LEAD
94.8%
UK nativeBRIT
94.6%
Soft French cheeseBRIE
94%
Grind or crush grainMILL
93%
Hail's effect on car hoodDENT
92.8%
Female horseMARE
92.5%
Environmental activist BrockovichERIN
92.4%
●Gadsden flag: '____ Tread on Me'●●DON'T●
91.9%
Consume by fireBURN
91.6%
●Affirmative votes●●YEAS●
91.5%
Hint 4-Letter Word % Correct
Inspiron and Latitude PC makerDELL
90.7%
Lowest male singing voiceBASS
90.7%
Fish lureBAIT
90.3%
Pod dwellersPEAS
90.1%
Capital of SwitzerlandBERN
89.7%
●Hudson River canal●●ERIE●
89.7%
●Absolutely certain●●SURE●
89.5%
Pomaceous fruitPEAR
89.1%
Triangular shoulder muscle (abbrev.)DELT
88.7%
LegumeBEAN
88.7%
Customary behavior, habitWONT
87.5%
Second gospelMARK
85.9%
Former Tonight Show host JackPAAR
85.6%
Retired NHL star PavelBURE
83%
Male animal parentSIRE
81.6%
Swampy or boggy groundMIRE
81.2%
Egyptian cat goddessBAST
81%
What Jack Sprat's wife couldn't eatLEAN
80%
Bobby Darin's 1959 knifeMACK
79.4%
ImpudenceSASS
71.1%
Yosemite, Walton, and Elliot, e.g.SAMS
70.4%
Ratio to speed of soundMACH
69.2%
●Rachel's sister in the Bible●●LEAH●
68.8%
●Accusative for 'me' in German●●MICH●
67.7%
●Brand of dog food●●IAMS●
63.8%

Today's Daily Dose

You're not logged in!

Compare scores with friends on all Sporcle quizzes.
OR
Log In

Sporcle TV

Today on Sporcle TV


Watch our educational content, quiz creation guides, and fun videos on Sporcle TV.

Show Comments

Extras

Top Quizzes Today


Score Distribution

Paid Content

Your Account Isn't Verified!

In order to create a playlist on Sporcle, you need to verify the email address you used during registration. Go to your Sporcle Settings to finish the process.

Report this User

Report this user for behavior that violates our Community Guidelines.

Details: